Experiencias de educación inicial no escolarizada en América Latina (Registro nro. 9011)

Detalles MARC
000 -Cabecera
Campo de control interno 00488nam a2200181Ia 4500
005 - Fecha y hora del registro
control field 20260306160652.0
008 - Elementos de Longitud Fija
fixed length control field 260306t1979||||xx |||||||||||||| ||spa||
041 ## - Idioma
Codigo Idioma ESP
082 ## - DEWEY y NOTACIÓN INTERNA
Dewey 372.21098
Notación Interna F74
110 ## - AUTOR INSTTITUCIONAL
Autor Institucional Fondo de las Naciones Unidas para la Infancia
245 #0 - TÍTULO DE MATERIAL BIBLIOGRÁFICO
Título Experiencias de educación inicial no escolarizada en América Latina
260 ## - CIUDAD, EDITORIAL, AÑO
Año 1979
300 ## - DESCRIPCIÓN
N° Páginas 189 páginas :
Dimensiones 23 cm.
650 ## - TEMAS
Temas Generalidades
654 ## - PROGRAMAS
Programa Dpto. de Educación
942 ## - ELEMENTOS DE KOHA
Tipo de documento Libro
Nombre del creador Justo Noguera
Código de catalogador Justo Noguera
Esquema de clasificación Dewey Decimal Classification
Suppress in OPAC
Existencias
Codigo completo Registro Colección Copia número Disponibilidad Tipo de préstamo Biblioteca Actual Procedencia (Biblioteca) Ubicacón Fecha Ingreso Tipo de Adquisición Date last seen Total checkouts Price effective from Tipo de Item Estado del Material Fuente de Clasificación Damaged status Withdrawn status
372.21098 F74 1081625 Universidad Católica San Pablo 1 Disponible Disponible Víctor Andrés Belaunde Víctor Andrés Belaunde Planta baja abierta 03/06/2026 Donación 06/03/2026   06/03/2026 Libro Bueno Dewey Decimal Classification